1227 1250 1527 1990 1743 1156 1298 1551 1392 1540 1109 1593 1519 1299 1399 1104 1418 1944 1811 1065 1089 1711 1032 1894 1603 1740 1197 1835 1745 1130 1277 1770 1590 1640 1647 1955 1927 1124 1928 1385 1452 1242 1457 1365 1210 1345 1731 1182 1829 1722 1528 1211 1341 1414 1353 1800 1924 1455 1118 1581 1316 1817 1041 1368 1822 1345 1766 1804 1892 1376 1016 1050 1217 1320 1325 1665 1828 1688 1480 1739 1145 1651 1639 1019 1673 1776 1571 1629 1331 1124 1850 1297 1271 1547 1041 1052 1368 1098 1158 BCNSPRNW ULIB Ver.6.0+V

เปลี่ยนเป็นภาษาไทย

Change to English
 แสดงรายละเอียดบรรณานุกรม
  กลับหน้าหลัก

Brief Record : Get Marc (ISO 2709) : E-mail record : QR code < ปิดหน้าต่าง
LEADER : 00000nam 2200000uu 4500
001    13399129056
003     ULIB
008    250528s2566||||th 000 0 tha d
020    ^a9786162231476^c350
060 04 ^aWA590^bอ634ก
100 0  ^aอาภาพร เผ่าวัฒนา
245 00 ^aการสร้างเสริมสุขภาพและป้องกันโรคในชุมชน (ฉบับปรับปรุง) :^bการประยุกต์แนวคิดและทฤษฏีสู่การปฏิบัติ = Health promotion and disease prevention in community : an application of concepts and theories to practice /^cอาภาพร เผ่าวัฒนา ... [และคนอื่นๅ]
246 31 ^aHealth promotion and disease prevention in community :^ban application of concepts and theories to practice
250    ^aพิมพ์ครั้งที่ 3
260    ^aกรุงเทพฯ :^bเอ็มเอ็น คอมพิวออฟเซท,^c2566
300    ^aก-ฏ, 344 หน้า :^bภาพประกอบ ;^c26 ซม.
504    ^aเอกสารอ้างอิงและดัชนีท้ายเล่ม
650  4 ^aการส่งเสริมสุขภาพ
650  4 ^aโรค^xการป้องกันและควบคุม
650  4 ^aสุขภาพ^xการมีส่วนร่วมของประชาชน
700 0  ^aอาภาพร เผ่าวัฒนา
710 2  ^aมหาวิทยาลัยมหิดล^bคณะสาธารณสุขศาสตร์
945    ^p350^l0^i011725
945    ^p350^l0^i011726
945    ^p350^l0^i011727
999    ^aประนอม เกษจรัล
รายการนี้ยังไม่มีแท็ก
คุณยังไม่ได้ล็อกอิน คุณสามารถมีกิจกรรมร่วมกับเว็บไซต์ได้ แต่ต้องล็อกอินก่อน ::
  ล็อกอิน

รายการสื่อสารสนเทศ

ลำดับที่ ประเภท เลขเรียก/บาร์โค้ด สถานที่ สถานะ
1. วิทยาศาสตร์การแพทย์ และสุขภาพ
หนังสือสำรอง
สถานะ=หนังสือสำรอง
WA590 อ634ก ฉ.1 
  Barcode: 011725
ห้องสมุดวิทยาเขตสวรรค์ประชารักษ์
►หนังสือทั่วไป
บนชั้น
2. วิทยาศาสตร์การแพทย์ และสุขภาพ
วิทยาศาสตร์การแพทย์ และสุขภาพ
WA590 อ634ก ฉ.2 
  Barcode: 011726
ห้องสมุดวิทยาเขตสวรรค์ประชารักษ์
►หนังสือทั่วไป
บนชั้น
3. วิทยาศาสตร์การแพทย์ และสุขภาพ
วิทยาศาสตร์การแพทย์ และสุขภาพ
WA590 อ634ก ฉ.3 
  Barcode: 011727
ห้องสมุดวิทยาเขตสวรรค์ประชารักษ์
►หนังสือทั่วไป
บนชั้น

รายการใกล้เคียง
    ผู้แต่ง [อาภาพร เผ่าวัฒนา]

    หัวเรื่อง [การส่งเสริมสุขภาพ]

BibComment


ยังไม่เคยถูกคอมเมนท์

คอมเมนท์ทรัพยากรรายการนี้
  คอมเมนท์: การสร้างเสริมสุข..


 Copyright 2026. Bcnsprnw @Library